000 00622nam a2200217Ia 4500
003 OSt
005 20220918192242.0
006 a|||||r|||| 00| 0
007 ta
008 220917b |||||||| |||| 00| 0 eng d
024 _a67,662
037 _cTextual
040 _aARTS
_cARTS
_beng
041 _2eng
_aeng
082 _aR3xM42, F8;1
100 _aJames William
245 0 _aPragmatism a new name for some old ways of thinking together with four related essays selected from the meaning of truth
260 _c1928
942 _hR3xM42, F8;1
_cTEXL
_2CC
999 _c193895
_d193895